Cartografia històrica de l'Anoia / Marta Bartrolí, Isidre Surroca

per Bartrolí i Romeu, Marta

ISBN: 978-84-606-4407-1
Publicat: La Pobla de Claramunt : l'Ajuntament , 2007
Descripció física: 77 p. : mapes ; 21 cm

MARC

LEADER 00000nam a2200000Ia 4500
001 19444
008 160829s2007 xx 000 0 cat d
020 |a 978-84-606-4407-1 
080 |a H-3-20 
100 |a Bartrolí i Romeu, Marta  |9 53869 
245 |a Cartografia històrica de l'Anoia / Marta Bartrolí, Isidre Surroca 
260 |a La Pobla de Claramunt :  |b l'Ajuntament,  |c 2007 
300 |a 77 p. :  |b  mapes ;  |c 21 cm 
590 |a Catàleg presentat en el marc del Premi Gumersind Bisbal de 2007.  
590 |a S'ha utilitzat el fons de l'Arxiu General de la Diputació de Barcelona 
651 0 |a Anoia (Catalunya)  |v Mapes  |9 53870 
651 0 |a Anoia (Catalunya)  |x Història  |9 56062 
700 |a Surroca, Isidre,  |d 1952-  |9 44061 
710 1 |a Pobla de Claramunt (Catalunya).  |b Ajuntament  |9 53875 
901 |a Arxiu 
942 |n 1 
952 |0 0  |1 0  |4 0  |6 H320  |7 1  |9 51776  |a Arxiu  |b Arxiu  |d 2016-12-01  |l 0  |o H-3-20  |p 19444  |r 2016-12-01 00:00:00  |w 2016-12-01  |y ARXIU 
999 |c 55622  |d 55622